| 000 | 00596nam a22002417a 4500 | ||
|---|---|---|---|
| 003 | OSt | ||
| 005 | 20230429114934.0 | ||
| 008 | 220712b |||||||| |||| 00| 0 eng d | ||
| 020 | _a9780070263642 | ||
| 040 | _cSTCPL | ||
| 041 | _aENG | ||
| 082 |
_a337 _bFRA-I |
||
| 100 | _aCherunilam, Francis | ||
| 245 |
_aInternational economics / _cby Francis Cherunilam |
||
| 250 | _a5th ed. | ||
| 260 |
_aNew Delhi : _bMcGraw Hill Education , _c2008 |
||
| 300 |
_a733 p. _bPB |
||
| 650 | _aEconomics | ||
| 650 | _aInternational economics | ||
| 942 | _cBK | ||
| 942 | _2ddc | ||
| 942 |
_2ddc _n0 |
||
| 999 |
_c77515 _d77515 |
||